[Event "Challenge"]
[Site "http://www.queenalice.com/game.php?id=160493"]
[Date "2007.1.29"]
[Round "-"]
[White "DaniloOtaviano"]
[Black "fromTheCoast"]
[Result "1-0"]
[WhiteElo "1458"]
[BlackElo "1356"]

1. d4 e6 2. a3 b5 3. e3 a6 4. Qd2 c6 5. Nf3 g5 6. Qe2 f6 7. Nc3 d5 8. g3 h6 9.
Bd2 Ne7 10. e4 dxe4 11. Nxe4 Nd5 12. c4 bxc4 13. Qxc4 a5 14. Bh3 f5 15. Nc3 g4
16. Bxg4 fxg4 17. Ne5 Nxc3 18. Bxc3 Bg7 19. Nxc6 Qc7 20. d5 Qe7 21. Nxe7 Kxe7
22. Bxg7 Rh7 23. Qxc8 Rxg7 24. Qb7+ 1-0

[Event "Challenge"]
[Site "http://www.queenalice.com/game.php?id=160494"]
[Date "2007.1.29"]
[Round "-"]
[White "DaniloOtaviano"]
[Black "joaoreis001"]
[Result "1-0"]
[WhiteElo "1401"]
[BlackElo "1416"]

1. e3 e5 2. a3 a5 3. Nf3 Nf6 4. Nxe5 d6 5. Nd3 Bg4 6. Be2 h5 7. h3 Bxe2 8. Qxe2
Nc6 9. Qf3 d5 10. Nc5 Bxc5 11. O-O Ne5 12. Qf5 Ng6 13. d4 Bb6 14. g4 hxg4 15.
hxg4 Nh4 16. Qe5+ Qe7 17. Qg5 Nf3+ 18. Kg2 Nxg5 19. e4 Qxe4+ 20. f3 1-0

[Event "Challenge"]
[Site "http://www.queenalice.com/game.php?id=176658"]
[Date "2007.3.3"]
[Round "-"]
[White "DaniloOtaviano"]
[Black "holandes"]
[Result "1-0"]
[WhiteElo "1454"]
[BlackElo "1387"]

1. d4 d5 2. Nc3 Nf6 3. e3 Bf5 4. h3 Nc6 5. a3 e5 6. g4 Bg6 7. Nf3 e4 8. Ne5 Nxe5
9. dxe5 Ng8 10. Qd4 Ne7 11. Qc5 Nf5 12. Bb5+ c6 13. Bxc6+ bxc6 14. Qxc6+ Ke7 15.
Nxd5+ 1-0

[Event "Challenge"]
[Site "http://www.queenalice.com/game.php?id=176663"]
[Date "2007.3.3"]
[Round "-"]
[White "DaniloOtaviano"]
[Black "thiagobertolo"]
[Result "0-1"]
[WhiteElo "1462"]
[BlackElo "1532"]

1. d4 g6 2. b3 Nc6 3. Bb2 Bg7 4. e3 Nf6 5. Na3 d5 6. Qd3 Bf5 7. Qc3 a5 8. Bb5
Ne4 9. Bxc6+ bxc6 10. Qxc6+ Bd7 11. Qxd5 Nf6 12. Qe5 Ra6 13. d5 Qb8 14. Nf3 Qb4+
15. Nd2 Qd6 16. Qd4 Qxd5 17. Qf4 Qc5 18. h3 Nd5 19. Ne4 Qc6 20. Qf3 Bxb2 21. Rc1
Bxc1 22. Nc4 f5 23. Ne5 Qxc2 24. O-O fxe4 25. Qf7+ Kd8 26. Qxd5 Rd6 27. Qa8+ Bc8
28. Nf7+ Kd7 29. Nxh8 Rd1 30. Rxd1+ Qxd1+ 31. Kh2 Qd6+ 32. g3 Qf6 33. Qd5+ Ke8
34. Qa8 Qxf2+ 35. Kh1 Kd7 36. Qxe4 Bxe3 37. Qb1 Bb7+ 38. Qe4 Qg1# 0-1

[Event "Mais Uma"]
[Site "http://www.queenalice.com/game.php?id=179054"]
[Date "2007.3.9"]
[Round "-"]
[White "DaniloOtaviano"]
[Black "holandes"]
[Result "1-0"]
[WhiteElo "1467"]
[BlackElo "1389"]

1. d4 e6 2. a3 d5 3. Nc3 Bd6 4. e3 Nf6 5. Nb5 Be7 6. c4 c6 7. Nc3 Na6 8. cxd5
cxd5 9. Nb5 Qa5+ 10. Bd2 Qb6 11. Qa4 Bd7 12. Ba5 Bxb5 13. Bxb5+ 1-0

[Event "Challenge"]
[Site "http://www.queenalice.com/game.php?id=185767"]
[Date "2007.3.21"]
[Round "-"]
[White "DaniloOtaviano"]
[Black "moronipimenta"]
[Result "0-1"]
[WhiteElo "1418"]
[BlackElo "1728"]

1. d4 Nc6 2. Nf3 g6 3. e3 e6 4. a3 Nf6 5. b4 d5 6. Bb5 Bd7 7. Nc3 a5 8. Bb2 axb4
9. axb4 Rxa1 10. Qxa1 Nxb4 11. O-O Nxc2 12. Qa4 Bxb5 13. Qxb5+ Nd7 14. Ne5 c6
15. Qxb7 Nxe5 16. dxe5 Nb4 17. Ra1 Bc5 0-1

[Event "Challenge"]
[Site "http://www.queenalice.com/game.php?id=186535"]
[Date "2007.3.23"]
[Round "-"]
[White "DaniloOtaviano"]
[Black "Orcleilson"]
[Result "0-1"]
[WhiteElo "1414"]
[BlackElo "1552"]

1. d4 d5 2. Nc3 Nc6 3. Bf4 Nf6 4. h3 Bf5 5. Nb5 Rc8 6. e3 Nb4 7. Bd3 Nxd3+ 8.
cxd3 a6 9. Nc3 e6 10. Nf3 Bd6 11. g4 Bg6 12. Ng5 Bxf4 13. exf4 c5 14. O-O cxd4
15. Ne2 O-O 16. h4 Nxg4 17. Nxd4 Bf5 18. f3 Ne3 19. Qe2 Nxf1 20. Qxf1 h6 21. Nh3
Qf6 0-1

[Event "Challenge"]
[Site "http://www.queenalice.com/game.php?id=186536"]
[Date "2007.3.23"]
[Round "-"]
[White "DaniloOtaviano"]
[Black "mustangmike"]
[Result "0-1"]
[WhiteElo "1470"]
[BlackElo "1675"]

1. d4 d5 2. Qd3 Nf6 3. Qc3 Ne4 4. Qf3 Ng5 5. Qc3 Ne4 6. Qf3 Nc6 7. a3 Nxd4 8.
Qd3 e5 9. f3 Nc5 10. Qe3 Bd6 11. Qc3 O-O 12. Be3 Qf6 13. f4 Qf5 14. fxe5 Nxc2+
15. Kd1 Nxa1 16. Nd2 d4 17. Bxd4 Ne4 18. Qe3 Nf2+ 19. Kc1 Qc2# 0-1

[Event "Challenge"]
[Site "http://www.queenalice.com/game.php?id=186537"]
[Date "2007.3.23"]
[Round "-"]
[White "DaniloOtaviano"]
[Black "holandes"]
[Result "0-1"]
[WhiteElo "1447"]
[BlackElo "1545"]

1. Nc3 e6 2. a3 d6 3. d4 Nc6 4. Nf3 Nf6 5. e3 Bd7 6. h3 Be7 7. Qd3 a6 8. Ne2 e5
9. dxe5 dxe5 10. Qc4 h6 11. g4 Be6 12. Qa4 b5 13. Qb4 Bxb4+ 14. axb4 Nxb4 15.
Bd2 Nxc2+ 16. Kd1 Nxa1 17. Bg2 Bb3+ 18. Ke1 Nc2+ 19. Kf1 Ne4 20. Kg1 f6 21. Kh2
Qd6 22. Be1 Nc5 23. Ng3 e4 24. Nd2 O-O-O 25. Bxe4 Nb4 26. f4 g5 27. Bf5+ Kb8 0-1

[Event "Challenge"]
[Site "http://www.queenalice.com/game.php?id=186538"]
[Date "2007.3.23"]
[Round "-"]
[White "DaniloOtaviano"]
[Black "xmas"]
[Result "0-1"]
[WhiteElo "1480"]
[BlackElo "1622"]

1. d4 Nf6 2. Qd3 g6 3. Qc3 e6 4. a3 Bg7 5. Bf4 d6 6. Nd2 Nd5 7. Qf3 Bxd4 8. Nc4
Qh4 9. g3 Qf6 10. e3 Bxb2 11. Rb1 Qc3+ 12. Nd2 Qxc2 13. Ne4 Qxb1+ 14. Ke2 Qc2+
15. Ke1 Nc3 16. Be2 Nxe4 17. Nh3 e5 18. Ng5 Nxg5 19. Bxg5 Bh3 20. Qf6 Bc3# 0-1

[Event "Challenge"]
[Site "http://www.queenalice.com/game.php?id=186539"]
[Date "2007.3.23"]
[Round "-"]
[White "DaniloOtaviano"]
[Black "Sandro"]
[Result "0-1"]
[WhiteElo "1404"]
[BlackElo "1731"]

1. d4 d5 2. Qd3 Nf6 3. f3 g6 4. Qc3 Nc6 5. e3 Bg7 6. Bb5 Qd7 7. Ne2 a6 8. Bxc6
bxc6 9. Nd2 Bb7 10. Nb3 Qd6 11. Nc5 Rb8 12. Qb3 O-O 13. Nxb7 Rxb7 14. Qxb7 a5
15. a4 c5 16. b3 Nd7 17. Ba3 Qe6 18. Bc1 cxd4 19. Qxc7 d3 20. Nd4 Bxd4 21. O-O
Bxa1 22. cxd3 f5 23. Qxa5 d4 24. Ba3 Qxe3+ 25. Kh1 Bc3 26. Qd5+ Rf7 27. Qxd7
Qxd3 28. Rc1 Qe3 29. h3 e5 0-1

[Event "Challenge"]
[Site "http://www.queenalice.com/game.php?id=186540"]
[Date "2007.3.23"]
[Round "-"]
[White "DaniloOtaviano"]
[Black "darth_antonius"]
[Result "0-1"]
[WhiteElo "1418"]
[BlackElo "1547"]

1. d4 Nf6 2. Nf3 d5 3. e3 Bg4 4. c3 e6 5. h3 Bxf3 6. Qxf3 Be7 7. a3 O-O 8. Bd3
c5 9. Nd2 c4 10. Be2 b5 11. b4 Nbd7 12. O-O Ne4 13. a4 a6 0-1

[Event "AUTO-OPEN-598"]
[Site "http://www.queenalice.com/game.php?id=186608"]
[Date "2007.3.23"]
[Round "1"]
[White "SGF"]
[Black "DaniloOtaviano"]
[Result "1-0"]
[WhiteElo "1620"]
[BlackElo "1426"]

1. e4 d5 2. Qf3 Nf6 3. Bd3 Bg4 4. Qf4 Nc6 5. Bb5 dxe4 6. Nc3 h6 7. Nxe4 h5 8.
Ng5 a6 9. Bxc6+ bxc6 10. Qc4 Be6 11. Nxe6 fxe6 12. Qxc6+ Nd7 13. Qxe6 Nc5 14.
Qc6+ Nd7 15. Nh3 Rh6 16. Qc4 e6 17. d3 Ne5 18. Qa4+ c6 19. Bxh6 1-0

[Event "AUTO-OPEN-598"]
[Site "http://www.queenalice.com/game.php?id=186609"]
[Date "2007.3.23"]
[Round "1"]
[White "DaniloOtaviano"]
[Black "SGF"]
[Result "0-1"]
[WhiteElo "1435"]
[BlackElo "1611"]

1. d4 d5 2. c3 e6 3. e3 Qg5 4. e4 Qg6 5. exd5 exd5 6. Bf4 Qe4+ 7. Ne2 Bg4 8. f3
Bxf3 9. Nd2 Bxe2 10. Bxe2 Qxf4 11. Qa4+ c6 12. O-O-O Nf6 13. Bb5 a6 14. Be2 Ne4
15. g3 Qg5 16. Qb3 b5 17. g4 Nf2 0-1

[Event "AUTO-OPEN-598"]
[Site "http://www.queenalice.com/game.php?id=186634"]
[Date "2007.3.23"]
[Round "1"]
[White "trallala"]
[Black "DaniloOtaviano"]
[Result "1-0"]
[WhiteElo "2029"]
[BlackElo "1416"]

1. e4 d5 2. exd5 Qxd5 3. Nc3 Qd6 4. d4 e6 5. Nf3 h6 6. Bd3 b6 7. Nb5 Qe7 8. Bf4
Na6 9. O-O Nf6 10. c4 Qb4 11. Qe2 c6 12. a3 Qe7 13. Nd6+ Kd8 14. b4 Ng4 15. h3
1-0

[Event "AUTO-OPEN-598"]
[Site "http://www.queenalice.com/game.php?id=186635"]
[Date "2007.3.23"]
[Round "1"]
[White "DaniloOtaviano"]
[Black "trallala"]
[Result "0-1"]
[WhiteElo "1418"]
[BlackElo "2027"]

1. d4 Nf6 2. Nc3 g6 3. Nf3 Bg7 4. b3 c6 5. Qd3 d5 6. Qe3 O-O 7. h4 Ng4 8. Qf4 c5
9. dxc5 Bxc3+ 10. Bd2 Bxa1 11. g3 e5 12. Qb4 Nc6 13. Qa4 e4 14. Ng5 Qf6 0-1

[Event "AUTO-OPEN-598"]
[Site "http://www.queenalice.com/game.php?id=186652"]
[Date "2007.3.23"]
[Round "1"]
[White "DaniloOtaviano"]
[Black "mrcoelho"]
[Result "0-1"]
[WhiteElo "1414"]
[BlackElo "1836"]

1. d4 Nf6 2. Nc3 g6 3. Nf3 Bg7 4. e3 d5 5. h3 Nc6 6. Bb5 Bd7 7. Bxc6 Bxc6 8. b3
O-O 9. O-O Nd7 10. Ba3 Re8 11. Ng5 e5 12. dxe5 Qxg5 13. f4 Qh4 14. Qf3 Qd8 15.
Ne2 f5 16. exf6 Nxf6 17. Nd4 Qd7 18. c4 Ne4 19. f5 Bxd4 20. exd4 Nd2 21. Qg3
dxc4 22. Rf4 Ne4 23. Qg4 Qxd4+ 24. Kf1 Qxa1+ 25. Ke2 Nf6+ 0-1

[Event "AUTO-OPEN-598"]
[Site "http://www.queenalice.com/game.php?id=186653"]
[Date "2007.3.23"]
[Round "1"]
[White "mrcoelho"]
[Black "DaniloOtaviano"]
[Result "1-0"]
[WhiteElo "1822"]
[BlackElo "1449"]

1. e4 d5 2. exd5 Qxd5 3. Nc3 Qc5 4. d4 Qa5 5. Bd2 Qb6 6. Nd5 Qxd4 7. Nxc7+ Kd8
8. Nxa8 Bg4 9. Ba5+ b6 10. Qxd4+ Nd7 11. Nxb6 axb6 12. Bxb6+ Kc8 13. Qc4+ Kb7
14. Qa6+ Kc6 15. Bb5+ Kd6 16. Ba5+ Kc5 17. Qc6+ Kd4 18. Bc3# 1-0

[Event "Challenge"]
[Site "http://www.queenalice.com/game.php?id=724334"]
[Date "2010.2.1"]
[Round "-"]
[White "DaniloOtaviano"]
[Black "Ealon"]
[Result "0-1"]
[WhiteElo "1389"]
[BlackElo "1655"]

1. e3 e5 2. a3 d6 3. Nc3 Be6 4. Qf3 Nf6 5. Qxb7 Nbd7 6. Nb5 Nd5 7. Bc4 Nc5 8.
Qc6+ Bd7 9. Nxc7+ Nxc7 10. Qf3 N5e6 11. Ne2 Ng5 12. Qg3 Qf6 13. O-O Bb5 14. b3
Be7 15. a4 Bxc4 16. bxc4 O-O 17. h4 Ne4 18. Qg4 Qg6 19. f3 Qxg4 20. fxg4 Bxh4
21. d4 Ng3 22. Re1 Nxe2+ 0-1